World famous folk tales

Bibliographic Details
Format: Book
Published: Kuala Lumpur : System Publishing , 19--
Subjects:

MARC

LEADER 00000cam a2200000 7i4500
001 0000009068
002 000009878
005 20000330.0
020 |a 9839024299 
090 0 0 |a 398.2   |b WOR 
245 0 0 |a World famous folk tales 
260 |a Kuala Lumpur :   |b System Publishing ,   |c 19-- 
300 |a 48 p. :   |b ill. ;   |c 22 cm. 
650 0 0 |a Folk literature 
999 |a 048416   |b BUKU   |c PINJAMAN   |e PERPUSTAKAAN KOMUNITI PETALING JAYA